Language Quiz

Random Language or Letter Quiz

Scrabble™ three letter words END hooks Collins Quiz Stats

 Plays Quiz not verified by Sporcle

Score 0/298 Timer 10:00
0 Plays Today
Hint Answer % Correct
AIAIL
81.3%
AIAIR
75%
ALALE
75%
BYBYE
75%
AAAAH
68.8%
ADADO
68.8%
AGAGE
68.8%
AGAGO
68.8%
AIAID
68.8%
ANANT
68.8%
ARARE
68.8%
BOBOW
68.8%
BOBOY
68.8%
EAEAT
68.8%
AAAAL
62.5%
ABABB
62.5%
ADADD
62.5%
ADADS
62.5%
AGAGA
62.5%
AHAHA
62.5%
AIAIM
62.5%
AIAIS
62.5%
AIAIT
62.5%
ALALA
62.5%
ALALB
62.5%
ALALF
62.5%
ALALL
62.5%
ANANA
62.5%
ANAND
62.5%
ANANE
62.5%
ARARM
62.5%
ARART
62.5%
BABAD
62.5%
BOBOA
62.5%
BOBOD
62.5%
BOBOG
62.5%
BOBON
62.5%
BOBOO
62.5%
BOBOP
62.5%
BOBOT
62.5%
BOBOX
62.5%
CHCHA
62.5%
CHCHI
62.5%
DADAB
62.5%
DEDEW
62.5%
DIDID
62.5%
DIDIG
62.5%
DIDIN
62.5%
EAEAR
62.5%
ABABA
56.3%
ADADZ
56.3%
AGAGS
56.3%
AHAHS
56.3%
AIAIN
56.3%
ALALP
56.3%
ALALT
56.3%
AMAMA
56.3%
AMAMI
56.3%
ANANI
56.3%
ANANY
56.3%
ARARB
56.3%
ARARC
56.3%
ASASK
56.3%
ASASS
56.3%
ATATE
56.3%
AWAWE
56.3%
AWAWN
56.3%
BABAG
56.3%
BABAH
56.3%
BABAP
56.3%
BABAR
56.3%
BABAT
56.3%
BEBEE
56.3%
BOBOB
56.3%
BOBOH
56.3%
BOBOK
56.3%
BOBOR
56.3%
BOBOS
56.3%
CHCHE
56.3%
DADAD
56.3%
DADAG
56.3%
DADAL
56.3%
DADAM
56.3%
DADAN
56.3%
DADAP
56.3%
DADAW
56.3%
DADAY
56.3%
DEDEF
56.3%
DEDEN
56.3%
DEDEX
56.3%
DIDIB
56.3%
DIDIE
56.3%
DIDIM
56.3%
DIDIP
56.3%
DIDIT
56.3%
DODOB
56.3%
DODOG
56.3%
DODOT
56.3%
DODOW
56.3%
AAAAS
50%
Hint Answer % Correct
ABABO
50%
ABABS
50%
ABABY
50%
AIAIA
50%
ALALS
50%
AMAMP
50%
AMAMU
50%
ANANN
50%
ARARD
50%
ARARF
50%
ARARK
50%
ARARY
50%
ASASH
50%
ASASP
50%
ATTATT
50%
AWAWA
50%
AWAWL
50%
AYAYE
50%
BABAA
50%
BABAN
50%
BABAY
50%
BEBED
50%
BIBIN
50%
BOBOI
50%
DADAE
50%
DADAH
50%
DADAK
50%
DADAS
50%
DEDEB
50%
DEDEE
50%
DEDEG
50%
DEDEI
50%
DEDEL
50%
DEDEV
50%
DEDEY
50%
DIDIF
50%
DIDIS
50%
DIDIV
50%
DODOC
50%
DODOD
50%
DODOE
50%
DODOF
50%
DODOH
50%
DODOM
50%
DODON
50%
DODOO
50%
DODOP
50%
DODOR
50%
DODOS
50%
DODOY
50%
EAEAS
50%
ELELL
50%
ENEND
50%
ERERA
50%
AHAHI
43.8%
ARARS
43.8%
AXAXE
43.8%
AYAYS
43.8%
AYAYU
43.8%
BABAC
43.8%
BABAL
43.8%
BABAM
43.8%
BABAS
43.8%
BEBEG
43.8%
BEBEN
43.8%
BEBET
43.8%
BIBID
43.8%
BIBIG
43.8%
BIBIO
43.8%
BIBIT
43.8%
BYBYS
43.8%
DODOL
43.8%
EAEAN
43.8%
EAEAU
43.8%
EDEDS
43.8%
EEEEK
43.8%
EEEEL
43.8%
EFEFT
43.8%
ELELM
43.8%
EMEMU
43.8%
ENENS
43.8%
ERERR
43.8%
FAFAN
43.8%
FAFAY
43.8%
FEFED
43.8%
FEFEN
43.8%
BEBEL
37.5%
BEBES
37.5%
BEBEY
37.5%
BEBEZ
37.5%
BIBIB
37.5%
BIBIS
37.5%
BIBIZ
37.5%
EDEDH
37.5%
EEEES
37.5%
EFEFF
37.5%
EFEFS
37.5%
EHEHS
37.5%
ELELD
37.5%
ELELF
37.5%
Hint Answer % Correct
ELELK
37.5%
ELELS
37.5%
ELELS
37.5%
EMEME
37.5%
EMEMS
37.5%
ERERE
37.5%
ERERG
37.5%
ESEST
37.5%
ETETA
37.5%
FAFAG
37.5%
FAFAP
37.5%
FAFAR
37.5%
FAFAT
37.5%
FAFAX
37.5%
FEFEE
37.5%
FEFEM
37.5%
FEFES
37.5%
FEFET
37.5%
FEFEW
37.5%
FEFEZ
37.5%
GOGOD
37.5%
GOGOO
37.5%
GOGOT
37.5%
EMEMO
31.3%
ENENE
31.3%
ERERF
31.3%
ERERN
31.3%
ESESS
31.3%
EXEXO
31.3%
FAFAB
31.3%
FAFAD
31.3%
FAFAE
31.3%
FAFAS
31.3%
FAFAW
31.3%
FEFEG
31.3%
FEFEH
31.3%
FEFER
31.3%
FEFEU
31.3%
FEFEY
31.3%
GIGIB
31.3%
GIGIG
31.3%
GIGIN
31.3%
GIGIT
31.3%
GOGOB
31.3%
GOGOE
31.3%
GOGON
31.3%
GOGOR
31.3%
GOGOS
31.3%
GOGOV
31.3%
GUGUN
31.3%
HAHAD
31.3%
ENENG
25%
ERERK
25%
ERERS
25%
FAFAA
25%
FAFAH
25%
GIGID
25%
GIGIE
25%
GIGIF
25%
GIGIO
25%
GIGIP
25%
GIGIS
25%
GOGOA
25%
GOGOX
25%
GOGOY
25%
GUGUM
25%
GUGUT
25%
HAHAG
25%
HAHAH
25%
HAHAM
25%
HAHAP
25%
HAHAS
25%
HAHAT
25%
HAHAW
25%
HAHAY
25%
HEHEH
25%
HEHEM
25%
HEHEN
25%
HEHER
25%
HEHEW
25%
GUGUB
18.8%
GUGUE
18.8%
GUGUL
18.8%
GUGUP
18.8%
GUGUR
18.8%
GUGUS
18.8%
GUGUV
18.8%
GUGUY
18.8%
HAHAE
18.8%
HAHAJ
18.8%
HAHAN
18.8%
HAHAO
18.8%
HEHEP
18.8%
HEHES
18.8%
HEHET
18.8%
HEHEX
18.8%
HEHEY
18.8%
ETETH
12.5%

You're not logged in!

Compare scores with friends on all Sporcle quizzes.
OR
Log In

Sporcle TV

Today on Sporcle TV


Watch our educational content, quiz creation guides, and fun videos on Sporcle TV.

Show Comments

Extras

Created Jan 21, 2015ReportNominate
Tags:Letter Quiz, collin, Scrabble, three

Top Quizzes Today


Score Distribution

Your Account Isn't Verified!

In order to create a playlist on Sporcle, you need to verify the email address you used during registration. Go to your Sporcle Settings to finish the process.

Report this User

Report this user for behavior that violates our Community Guidelines.

Details: